[Event "6th HZ Open"]
[Site "Vlissingen NED"]
[Date "2002.08.07"]
[Round "5"]
[White "Naalden,M"]
[Black "Klinova,M"]
[Result "1-0"]
[WhiteElo "2121"]
[BlackElo "2407"]

1.e4 d6 2.d4 Nf6 3.Nc3 c6 4.f4 Qa5 5.e5 Ne4 6.Bd3 Nxc3 7.Qd2 g6 8.bxc3 Bf5
9.c4 Qxd2+ 10.Bxd2 d5 11.Rb1 b6 12.Bxf5 gxf5 13.cxd5 cxd5 14.c4 dxc4 15.Rb4 e6
16.Rxc4 Kd7 17.Nf3 Nc6 18.Kf2 Be7 19.Rd1 Rhc8 20.Be1 b5 21.Rc2 Nb4 22.Rxc8 Rxc8
23.Bxb4 Bxb4 24.d5 Rc2+ 25.Kg3 Rxa2 26.dxe6+ Kxe6 27.Nd4+ Kd7 28.Nxf5+ Kc6
29.Nd6 a5 30.Nxf7 Rd2 31.Rxd2 Bxd2 32.e6 Kc7 33.Ne5  1-0

[Event "TUR-GEO Chess Summit"]
[Site "Ankara TUR"]
[Date "2002.08.08"]
[Round "6"]
[White "Haznedaroglu,K"]
[Black "Gelashvili,T"]
[Result "0-1"]
[WhiteElo "2370"]
[BlackElo "2551"]

1.e4 d6 2.d4 Nf6 3.Nc3 Nbd7 4.Nf3 e5 5.Bc4 Be7 6.O-O O-O 7.Re1 c6 8.a4 a5
9.h3 Qc7 10.b3 exd4 11.Nxd4 Ne5 12.Bf1 Re8 13.Bb2 Bf8 14.g3 Qb6 15.Kg2 Bd7
16.f4 Ng6 17.Nf3 Rad8 18.Bd3 Qc5 19.Qd2 Bc8 20.Rad1 Qh5 21.f5 d5 22.e5 Ne4
23.Nxe4 dxe4 24.Rxe4 Bxf5 25.g4 Nh4+ 26.Kf1 Nxf3 27.Qg2 Nd2+ 28.Rxd2 Bxe4
29.Bxe4 Qg5 30.Bd3 Bc5 31.Re2 Qf4+ 32.Ke1 Bd4 33.Re4 Rxe5  0-1

[Event "TUR-GEO Chess Summit"]
[Site "Ankara TUR"]
[Date "2002.08.08"]
[Round "6"]
[White "Erturan,Y"]
[Black "Jobava,Ba"]
[Result "0-1"]
[WhiteElo "2277"]
[BlackElo "2562"]

1.e4 d6 2.d4 Nf6 3.Nc3 Nbd7 4.f4 e5 5.Nf3 exd4 6.Qxd4 c6 7.Be3 d5 8.O-O-O Bc5
9.Qd3 Qe7 10.e5 Ng4 11.Nd4 Nxe3 12.Qxe3 O-O 13.g4 b5 14.g5 Nb6 15.Nce2 Bg4
16.Qg3 Bxd4 17.Rxd4 c5 18.Qxg4 cxd4 19.Nxd4 Qb4 20.c3 Rac8 21.Qd1 Na4 22.Qd2 Nxb2
23.Nc2 Rxc3 24.Kb1 Nc4+ 25.Nxb4 Nxd2+ 26.Kb2 Rf3 27.Bxb5 Rb8 28.a4 Nc4+ 29.Kc1 Rc3+
30.Nc2 a6  0-1

[Event "Valoz Cup"]
[Site "Olomouc CZE"]
[Date "2002.08.08"]
[Round "9"]
[White "Kadziolka,B"]
[Black "Hasangatin,R"]
[Result "1/2-1/2"]
[WhiteElo "2290"]
[BlackElo "2517"]

1.e4 d6 2.d4 Nf6 3.Nc3 e5 4.Nf3 Nbd7 5.Bc4 Be7 6.O-O O-O 7.a4 c6 8.a5 Rb8
9.Qe2 Qc7 10.Ng5 b5 11.axb6 Nxb6 12.dxe5 dxe5 13.Bb3 Bg4 14.f3 Bc8  1/2-1/2

[Event "ch-SLO"]
[Site "Dobrna SLO"]
[Date "2002.08.10"]
[Round "6"]
[White "Pavasovic,D"]
[Black "Tratar,M"]
[Result "1/2-1/2"]
[WhiteElo "2568"]
[BlackElo "2466"]

1.e4 d6 2.d4 Nf6 3.Nc3 e5 4.Nf3 Nbd7 5.Bc4 Be7 6.O-O O-O 7.a4 a5 8.Qe2 exd4
9.Nxd4 Nb6 10.Bb3 Nfd7 11.Nf5 Bf6 12.Be3 Bxc3 13.bxc3 Nc5 14.Qg4 Bxf5 15.exf5 Ncd7
16.Qg3 Qf6 17.Bd4 Qh6 18.f6 Nxf6 19.Bxb6 cxb6 20.Qxd6 Ne4 21.Qxh6 gxh6 22.Rfe1 Nxc3
23.Re3 Rac8 24.Re7 b5 25.axb5 a4 26.Ba2 b6 27.Rb7 Ne2+ 28.Kf1 Rxc2 29.Bd5 Nc3
30.Rc7 Rd8 31.Bxf7+ Kh8 32.Be6 Rdd2 33.Rf7 a3 34.h4 h5 35.Rf8+ Kg7 36.Rf7+ Kh8
37.Rf8+ Kg7 38.Rf7+  1/2-1/2

[Event "9th Open"]
[Site "Nice FRA"]
[Date "2002.08.10"]
[Round "7"]
[White "Chabanon,JL"]
[Black "Mrdja,M"]
[Result "1-0"]
[WhiteElo "2483"]
[BlackElo "2370"]

1.d4 d6 2.e4 Nf6 3.Nc3 e5 4.dxe5 dxe5 5.Qxd8+ Kxd8 6.Bg5 Be6 7.O-O-O+ Kc8
8.Nf3 Nbd7 9.Bd3 c6 10.Bh4 h6 11.Bg3 Bd6 12.Bc4 Bc7 13.Bxe6 fxe6 14.Nd2 b5
15.f3 Bb6 16.Rhf1 Kb7 17.Bf2 a6 18.Nb3 Rhe8 19.a4 b4 20.Nb1 a5 21.Bxb6 Nxb6
22.Nc5+ Kc7 23.Nd2 Re7 24.Ndb3 Nc4 25.Rd3 g5 26.Rfd1 Kb6 27.Rd8 Rxd8 28.Rxd8 h5
29.Ra8 g4 30.Ra6+ Kc7 31.Ra7+ Kd8 32.Nb7+ Ke8 33.Ra8+ Kf7 34.Nd8+ Kg7 35.Nc5  1-0

[Event "15th Open"]
[Site "Kiel GER"]
[Date "2002.08.11"]
[Round "3"]
[White "Kreuzholz,M"]
[Black "Martinsen,S"]
[Result "1-0"]
[WhiteElo "2318"]
[BlackElo "2076"]

1.e4 d6 2.d4 Nf6 3.Nc3 Nbd7 4.f4 e5 5.Nf3 exd4 6.Nxd4 g6 7.Be2 Bg7 8.O-O O-O
9.Nb3 b6 10.e5 dxe5 11.fxe5 Ne8 12.Qd5 Rb8 13.Rxf7 Rxf7 14.e6 Nd6 15.exf7+ Nxf7
16.Bc4 Qe8 17.Bf4 Bb7 18.Qd2 Nf6 19.Bxc7 Rc8 20.Nb5 Ne4 21.Qf4 g5 22.Qf5 a6
23.Rf1 Bf6 24.Bxf7+ Qxf7 25.Nd6 Qxc7 26.Nxe4 Bxe4 27.Qe6+ Qf7 28.Qxc8+ Kg7
29.Qxa6 Qc7 30.Qe2 Bd5 31.Rd1 Bc4 32.Qg4 Kg6 33.Qe4+ Kg7 34.Nd4  1-0

[Event "ch-AUT"]
[Site "Oberpullendorf AUT"]
[Date "2002.08.11"]
[Round "2"]
[White "Wallis,A"]
[Black "Stuhlik,M"]
[Result "0-1"]
[WhiteElo "2137"]
[BlackElo "2244"]

1.e4 d6 2.d4 Nf6 3.Nc3 c6 4.Nf3 g6 5.Bg5 Bg7 6.h3 O-O 7.Qd2 d5 8.Bd3 dxe4
9.Nxe4 Bf5 10.Nxf6+ exf6 11.Be3 Bxd3 12.Qxd3 Qa5+ 13.c3 Nd7 14.O-O Rfd8 15.Qc2 Nf8
16.b3 Ne6 17.Rad1 h6 18.Rfe1 f5 19.Bd2 Qa6 20.Bc1 Rd6 21.h4 Rad8 22.h5 c5
23.hxg6 fxg6 24.dxc5 Nxc5 25.Rxd6 Qxd6 26.Be3 Ne4 27.c4 b6 28.Rc1 Qd3 29.Qxd3 Rxd3
30.Ne1 Rd7 31.Kf1 g5 32.g3 Be5 33.Nf3 Bb2 34.Rc2 Bf6 35.Bc1 Rd1+ 36.Ke2 Rh1
37.Bb2 Bxb2 38.Rxb2 Kg7 39.Nd4 Nxg3+ 40.Kf3 Rd1 41.Nc6 Ne4 42.Nxa7 h5 43.Kg2 g4
44.Nc6 h4 45.Re2 Kf6 46.Nb4 h3+ 47.Kh2 Ng5 48.Re3 f4  0-1

[Event "GPA Open"]
[Site "Ontario CAN"]
[Date "2002.08.11"]
[Round "9"]
[White "Saint Amand,P"]
[Black "Demmery,S"]
[Result "1/2-1/2"]
[WhiteElo "2170"]
[BlackElo "2086"]

1.e4 d6 2.d4 Nf6 3.Nc3 c6 4.f4 Qa5 5.Bd3 e5 6.Nf3 Bg4 7.dxe5 dxe5 8.f5 b5
9.O-O Nbd7 10.h3 Bxf3 11.Qxf3 Nc5 12.Rd1 Nfd7 13.Be3 Be7 14.a3 Nxd3 15.cxd3 Bf6
16.Rac1 O-O 17.Qf2 Be7 18.d4 b4 19.axb4 Bxb4 20.Ra1 Qc7 21.dxe5 Nxe5 22.Bc5 Bxc5
23.Qxc5 Nd7 24.Nd5 Nxc5 25.Nxc7 Rac8 26.Rxa7 Nxe4 27.Rd7 Rcd8 28.Re7 Nf6
29.Na6  1/2-1/2

[Event "11th Open"]
[Site "Kavala GRE"]
[Date "2002.08.14"]
[Round "6"]
[White "Voicu,C"]
[Black "Berescu,A"]
[Result "1/2-1/2"]
[WhiteElo "2205"]
[BlackElo "2432"]

1.e4 d6 2.d4 Nf6 3.Nc3 Nbd7 4.Be3 e5 5.Bc4 Be7 6.f3 c6 7.a4 O-O 8.Nge2 b6
9.Qd2 a6 10.Bb3 Bb7 11.O-O Qc7 12.Kh1 b5 13.axb5 axb5 14.Rxa8 Bxa8 15.Ng3 Re8
16.Nf5 Bf8 17.Ne2  1/2-1/2

[Event "ch-AUT"]
[Site "Oberpullendorf AUT"]
[Date "2002.08.15"]
[Round "6"]
[White "Wallner,J"]
[Black "Stuhlik,M"]
[Result "1/2-1/2"]
[WhiteElo "2327"]
[BlackElo "2244"]

1.e4 d6 2.d4 Nf6 3.Nc3 c6 4.h3 Qa5 5.Bd3 e5 6.Nf3 g6 7.dxe5 dxe5 8.Bd2 Qc7
9.Qe2 Bg7 10.a4 a5 11.O-O O-O 12.Bc4 Na6 13.Be3 h6 14.Nd2 Nh5 15.Bb3 Nf4
16.Qf3 Ne6 17.Qg3 Nac5 18.Bc4 Qe7 19.Rad1 Kh7 20.Nf3 Nf4 21.Bxf4  1/2-1/2

[Event "ADCF Masters"]
[Site "Abu Dhabi UAE"]
[Date "2002.08.17"]
[Round "6"]
[White "Jasim,A"]
[Black "Komliakov,V"]
[Result "0-1"]
[WhiteElo "2259"]
[BlackElo "2450"]

1.e4 d6 2.d4 Nf6 3.Nc3 e5 4.dxe5 dxe5 5.Qxd8+ Kxd8 6.Bg5 Be6 7.O-O-O+ Nd7
8.Nf3 Kc8 9.Nd2 Ng4 10.Bh4 Bc5 11.f3 Ne3 12.Re1 Nxf1 13.Rhxf1 a5 14.Bf2 Bb4
15.Ndb1 c6 16.Rd1 a4 17.a3 Be7 18.Be3 b5 19.Ne2 Kc7 20.f4 f6 21.Ng3 Rhe8
22.Rd2 Nb6 23.f5 Bf7 24.Rfd1 Rad8 25.Bxb6+ Kxb6 26.Rd7 g6 27.R1d3 Rxd7 28.Rxd7 g5
29.Nc3 h5 30.Nf1 g4 31.g3 Bg8 32.Ne3 Bf8 33.Kd2 Bh6 34.Ke2 Bg5 35.Kf2 Ra8
36.Ke2 Ra7 37.Rd8 Bf7 38.Ncd1 Kc7 39.Rf8 Kd6 40.Nf2 Bh6 41.Rb8 Bg5 42.Rd8+ Kc7
43.Rd1 Ra6 44.Nd3 Rb6 45.c3 Be8  0-1

[Event "Botvinnik Mem B"]
[Site "Elista RUS"]
[Date "2002.08.17"]
[Round "1"]
[White "Gurgenidze,B"]
[Black "Shabanov,Y"]
[Result "1/2-1/2"]
[WhiteElo "2196"]
[BlackElo "2445"]

1.e4 d6 2.d4 Nf6 3.Nc3 e5 4.dxe5 dxe5 5.Qxd8+ Kxd8 6.Nf3 Bd6 7.Bg5 Be6 8.O-O-O Nd7
9.Bxf6+ gxf6 10.Nh4 Bc5 11.f3 c6 12.a3 Kc7 13.Nf5 Rad8 14.Ng7 Nb6 15.Nxe6+ fxe6
16.Rxd8 Kxd8 17.Bd3 Ke7 18.Kd2 Rg8 19.g4 Nd7 20.Ne2 Nf8  1/2-1/2

[Event "ch-AUT"]
[Site "Oberpullendorf AUT"]
[Date "2002.08.17"]
[Round "8"]
[White "Sandhu,M"]
[Black "Stuhlik,M"]
[Result "1/2-1/2"]
[WhiteElo "2320"]
[BlackElo "2244"]

1.e4 d6 2.d4 Nf6 3.Nc3 c6 4.f4 Qa5 5.Bd3 e5 6.dxe5 dxe5 7.f5 b5 8.Bd2 b4
9.Nb1 Ba6 10.Be3 Bc5 11.Bxc5 Qxc5 12.Nd2 O-O 13.Qe2 Bxd3 14.cxd3 Nbd7 15.Nc4 Nb6
16.Rc1 Rad8 17.Nf3 Rfe8 18.Rc2 Nxc4 19.Rxc4 Qd6 20.O-O a5 21.Rfc1 Qxd3 22.Qxd3 Rxd3
23.Rxc6 Nxe4 24.Nxe5 Rd5 25.Nc4 Rxf5 26.Re1 g6 27.Ra6 Kg7 28.Rxa5 Nd2 29.Rae5 Rfxe5
30.Rxe5 Rd8 31.Ne3 f5 32.Rd5 Rxd5 33.Nxd5 b3 34.axb3 Nxb3 35.Kf2 Kf7 36.Ke3 Ke6
37.Nf4+ Ke5 38.h4 Kd6 39.Kd3 Nc5+ 40.Kc4 Ne4 41.b4 Nd2+ 42.Kd4 Nb1 43.b5 Na3
44.b6 Nb5+ 45.Kc4 Kc6 46.Nd5 Nd6+ 47.Kd4 Nf7 48.g3 g5 49.h5 f4 50.g4 f3 51.Ke3 Ne5
52.Nf6 h6 53.Ng8 Nxg4+ 54.Kxf3 Ne5+ 55.Ke4 Nf7 56.Nf6 Kxb6 57.Kf5 Nd6+ 58.Ke6 Kc6
59.Ng4 Ne4 60.Nxh6 Ng3  1/2-1/2

[Event "Open"]
[Site "Birstonas LIT"]
[Date "2002.08.18"]
[Round "2"]
[White "Chocenka,D"]
[Black "Bandza,A"]
[Result "0-1"]
[WhiteElo "2207"]
[BlackElo "2378"]

1.e4 d6 2.d4 Nf6 3.Nc3 e5 4.dxe5 dxe5 5.Qxd8+ Kxd8 6.Bg5 Be6 7.O-O-O+ Nd7
8.f4 exf4 9.Bxf4 Ng4 10.Nh3 c6 11.Be2 h6 12.Rd3 Ke8 13.Rhd1 Nde5 14.R3d2 g5
15.Bg3 Bg7 16.Nf2 Ne3 17.Rg1 Ke7 18.h3 Rhd8 19.Rxd8 Rxd8 20.Na4 b6 21.b3 f5
22.Nd3 Nxd3+ 23.Bxd3 f4 24.Bf2 Bd4 25.h4 Nxc2 26.Bxd4 Nxd4 27.Nb2 gxh4 28.Rh1 Rg8
29.Rxh4 Rxg2 30.Rxf4 h5 31.Rh4 Bg4 32.Rh1 Ne2+ 33.Bxe2 Rxe2 34.a3 Rxe4 35.Nd3 Kf6
36.Kd2 Kg5  0-1

[Event "Ciuc Premium A2"]
[Site "Miercurea Ciuc ROM"]
[Date "2002.08.19"]
[Round "1"]
[White "Chirila,C"]
[Black "Schmidt,Rau"]
[Result "0-1"]
[WhiteElo "2189"]
[BlackElo "2087"]

1.e4 d6 2.d4 Nf6 3.Nc3 c6 4.Nf3 Bg4 5.a4 Qc7 6.Be2 e5 7.O-O Be7 8.Be3 Nbd7
9.Qd2 O-O 10.Rad1 Rad8 11.Rfe1 a6 12.Ra1 Rfe8 13.h3 Bh5 14.Nh2 Bxe2 15.Rxe2 b5
16.axb5 axb5 17.f3 Nb6 18.Qc1 Ra8 19.Nd1 Rxa1 20.Qxa1 Ra8 21.Qc1 Nc4 22.Bf2 Nh5
23.b3 Nf4 24.Re1 Bg5 25.Qb1 Nb6 26.Qb2 h5 27.Kh1 Ne6 28.dxe5 dxe5 29.Bxb6 Qxb6
30.Qxe5 Ra2 31.Qc3 Nd4 32.Ne3 b4 33.Qd3 Bxe3 34.Qxe3 Rxc2 35.Rb1 Rc3 36.Qf2 Qc5
37.Qa2 Rc1+ 38.Nf1 Ne2 39.Qxe2 Rxb1 40.Kh2 Qb5 41.Qxb5 cxb5 42.Ne3 Rxb3 43.Nd5 Rb1
44.Nc7 b3  0-1

[Event "Open"]
[Site "Birstonas LIT"]
[Date "2002.08.20"]
[Round "4"]
[White "Lasinskas,P"]
[Black "Sakalauskas,V"]
[Result "0-1"]
[WhiteElo "2218"]
[BlackElo "2418"]

1.e4 d6 2.d4 Nf6 3.Nc3 c6 4.Bg5 Nbd7 5.f4 Qa5 6.Qd2 e5 7.Nf3 Be7 8.Be2 O-O
9.O-O Re8 10.Kh1 exd4 11.Nxd4 h6 12.Bxf6 Nxf6 13.Bf3 Bf8 14.Rae1 Bg4 15.Bxg4 Nxg4
16.Rf3 Nf6 17.Rfe3 Rad8 18.a3 g6 19.h3 Bg7 20.Nb3 Qc7 21.Qf2 b5 22.e5 dxe5
23.fxe5 Nd5 24.Nxd5 Rxd5 25.e6 fxe6 26.Rxe6 Rxe6 27.Rxe6 Rd1+ 28.Re1 Qf4
29.Qg1 Rxe1 30.Qxe1 Be5 31.g3 Qf3+ 32.Kh2 Bxb2 33.Qe8+ Kh7 34.Qe7+ Bg7 35.Qc5 Qe2+
36.Kg1 a5 37.Qf2 Qd1+ 38.Kg2 a4 39.Na5 b4 40.axb4 a3 41.Nb3 a2 42.h4 Qd5+
43.Kh2 Qxb3 44.cxb3 a1=Q 45.Qc5 Qc3 46.Qe7 Qb2+ 47.Kh3 Qe5 48.Qb7 Qb5 49.Qc7 h5
50.Kg2 Qe2+ 51.Kh3 Qf3 52.Kh2 Kh6 53.Qd6 Qf2+ 54.Kh3 Qf6 55.Qc7 Qf3 56.Kh2 Bd4  0-1

[Event "Open"]
[Site "Birstonas LIT"]
[Date "2002.08.21"]
[Round "5"]
[White "Sarakauskiene,Z"]
[Black "Zagorskis,D"]
[Result "0-1"]
[WhiteElo "2178"]
[BlackElo "2477"]

1.e4 d6 2.d4 Nf6 3.Nc3 e5 4.Nf3 Nbd7 5.Bc4 Be7 6.O-O O-O 7.a4 c6 8.Ba2 b6
9.Qe2 a6 10.Rd1 Qc7 11.h3 Bb7 12.Nh4 exd4 13.Nf5 dxc3 14.Nxe7+ Kh8 15.Nf5 d5
16.exd5 cxd5 17.bxc3 Qxc3 18.Rb1 Rae8 19.Be3 Qc7 20.Qd3 Bc8 21.Nd4 Ne5 22.Qa3 Ne4
23.Bd2 Nxd2 24.Rxd2 Be6 25.Qg3 f6 26.Nxe6 Rxe6 27.Bxd5 Rd6 28.Rbd1 Rfd8 29.c4 Qc5
30.Re1 b5 31.axb5 axb5 32.Rb2 bxc4 33.Rb7 R6d7 34.Rxd7 Rxd7 35.Be4 g6 36.Qc3 Kg7
37.g3 Rd4 38.Kg2 Nd3 39.Re3 Nxf2 40.Bxg6 Nd1  0-1

[Event "Open"]
[Site "Birstonas LIT"]
[Date "2002.08.22"]
[Round "6"]
[White "Tokmachev,V"]
[Black "Varniene,R"]
[Result "1/2-1/2"]
[WhiteElo "2044"]
[BlackElo "2219"]

1.e4 d6 2.d4 Nf6 3.Nc3 e5 4.Nf3 Nbd7 5.Bc4 Be7 6.Be3 O-O 7.h3 c6 8.a4 b6
9.O-O Qc7 10.Bd3 Re8 11.Qe2 a6 12.Rfd1 Bb7 13.Nh4 g6 14.g3 b5 15.axb5 axb5
16.d5 b4 17.dxc6 Bxc6 18.Na2 Qb7 19.f3 d5 20.exd5 Nxd5 21.Bd2 Bxh4 22.gxh4 Nf4
23.Bxf4 exf4 24.Be4 Bxe4 25.fxe4 Nf6 26.e5 Ra5 27.exf6  1/2-1/2

[Event "Saraybahce GP"]
[Site "Kocaeli TUR"]
[Date "2002.08.22"]
[Round "6"]
[White "Erturan,Y"]
[Black "Bojkov,D"]
[Result "1/2-1/2"]
[WhiteElo "2277"]
[BlackElo "2448"]

1.e4 d6 2.d4 Nf6 3.Nc3 e5 4.Nf3 Nbd7 5.Bc4 Be7 6.O-O O-O 7.Re1 c6 8.a4 Qc7
9.b3 exd4 10.Nxd4 Re8 11.Nf5 Bf8 12.Ba3 Nc5 13.Qf3 Bxf5 14.Qxf5 Re5 15.Qf3 Ncxe4
16.Nxe4 Rxe4 17.Rxe4 Nxe4 18.Qxe4 d5 19.Qe2 Bxa3 20.Rxa3 dxc4 21.bxc4 Qf4
22.Re3 g6 23.g3 Qd4 24.c3 Qf6 25.Kg2 c5 26.Re7 Rb8 27.Qe3 Qd6 28.Qe5 Qxe5
29.Rxe5 Rc8 30.Re7 Rc6 31.Rxb7 Ra6 32.Rb5 Rxa4 33.Rxc5 Ra3 34.Rc7 Rxc3 35.Rxa7 Rxc4  1/2-1/2

[Event "XIV Open"]
[Site "Porto San Giorgio ITA"]
[Date "2002.08.22"]
[Round "3"]
[White "Shytaj,C"]
[Black "Mrdja,M"]
[Result "0-1"]
[WhiteElo "2112"]
[BlackElo "2370"]

1.e4 d6 2.d4 Nf6 3.Nc3 e5 4.dxe5 dxe5 5.Qxd8+ Kxd8 6.Bc4 Be6 7.Bxe6 fxe6
8.Be3 Bb4 9.O-O-O+ Ke7 10.Nge2 a6 11.f3 Nbd7 12.Kb1 b5 13.a3 Bd6 14.Na2 a5
15.Rd2 Rhb8 16.Nec1 Nb6 17.Bf2 Nc4 18.Rd3 h6 19.Nb3 Nd7 20.Rhd1 Rb7 21.Nd2 Rab8
22.Nc1 Ncb6 23.Ncb3 Ra8 24.c3 Ke8 25.Kc2 Be7 26.Nc1 c5 27.Nb1 Rc8 28.g3 b4
29.f4 b3+ 30.Kd2 Nc4+ 31.Ke2 Nxb2 32.Rxd7 Rxd7 33.Rxd7 Kxd7 34.Nxb3 exf4
35.gxf4 Na4 36.Nxa5 Rb8 37.Nd2 Nxc3+ 38.Kd3 Na4 39.Nac4 Bd6 40.e5 Bc7 41.Kc2 Kc6
42.Bg3 Ra8 43.Ne3 Nb6 44.Kb3 Nd5 45.Ndc4 Rb8+ 46.Kc2 Rf8 47.Ng2 g5 48.fxg5 hxg5
49.Nd2 Rf5 50.Nc4 Rf3 51.Kb2 Kb5 52.Nd6+ Bxd6 53.exd6 Kc6 54.Ne1 Re3 55.Kc2 Nf4
56.a4 Kxd6 57.Nd3 e5  0-1

[Event "Open"]
[Site "Birstonas LIT"]
[Date "2002.08.24"]
[Round "8"]
[White "Kiik,K"]
[Black "Slapikas,V"]
[Result "1-0"]
[WhiteElo "2450"]
[BlackElo "2378"]

1.e4 d6 2.d4 Nf6 3.Nc3 c6 4.Bg5 Nbd7 5.Qd2 e5 6.Nf3 Be7 7.Rd1 h6 8.Bh4 Nh5
9.Bxe7 Qxe7 10.g3 O-O 11.Bg2 Re8 12.O-O Nf8 13.h3 Ng6 14.Nh2 Qg5 15.Qxg5 hxg5
16.Rd2 Nf6 17.a4 Kf8 18.Rfd1 Ke7 19.Nf1 Be6 20.Ne3 Rad8 21.a5 Nf8 22.a6 b6
23.Bf1 g6 24.f3 exd4 25.Rxd4 Nh5 26.Kf2 Rd7 27.R4d2 Red8 28.Ne2 Rc7 29.c4 Bc8
30.e5 Rcd7 31.Nd4 Rc7 32.Ndc2 d5 33.cxd5 cxd5 34.Nd4 Rc5 35.Nb5 Ke6 36.Nc7+ Rxc7  1-0

[Event "Saraybahce GP"]
[Site "Kocaeli TUR"]
[Date "2002.08.24"]
[Round "8"]
[White "Can,E"]
[Black "Tasan,A"]
[Result "1/2-1/2"]
[WhiteElo "2014"]
[BlackElo "2128"]

1.e4 d6 2.d4 Nf6 3.Nc3 c6 4.f4 Qa5 5.Bd3 e5 6.Nf3 Bg4 7.Be3 Nbd7 8.O-O Be7
9.h3 exf4 10.Bxf4 Bxf3 11.Qxf3 Qb6 12.Ne2 Ne5 13.Qe3 Nxd3 14.Qxd3 O-O 15.Kh1 d5
16.e5 Ne4 17.Ng3 Nxg3+ 18.Qxg3 c5 19.c4 Rad8 20.e6 Qxe6 21.Rae1 Qf6 22.Bc7 Bd6
23.Qd3 Qxd4 24.Qxd4 cxd4 25.Bxd8 Rxd8 26.Rf5 dxc4 27.Rd5 Kf8 28.Rxd4 b5 29.a4 a6
30.axb5 axb5 31.Rd5 b4 32.Rc1 c3 33.bxc3 bxc3 34.Rxc3 Ke7 35.Re3+ Kd7 36.Red3 Ke6
37.g4 f6 38.Kg2 Ke7 39.Kf3 Bc7 40.Rxd8 Bxd8 41.Ke4 Bc7 42.h4 Ke6 43.Rb3 g6
44.Rb5 h5 45.gxh5 f5+ 46.Kf3 gxh5 47.Rb7 Bd8 48.Kg3 Be7  1/2-1/2

[Event "Ciuc Premium A1"]
[Site "Miercurea Ciuc ROM"]
[Date "2002.08.24"]
[Round "8"]
[White "Stanescu,C"]
[Black "Sorbun,C"]
[Result "1/2-1/2"]
[WhiteElo "2122"]
[BlackElo "2083"]

1.e4 d6 2.d4 Nf6 3.Nc3 Nbd7 4.f4 e5 5.Nf3 exd4 6.Nxd4 c6 7.Be2 Be7 8.O-O O-O
9.Be3 Re8 10.Nf5 Nf8 11.Nxe7+ Qxe7 12.Bf3 Bf5 13.Bd4 Nxe4 14.Re1 Nxc3 15.Bxc3 Qc7
16.Qd2 d5 17.g3 Rad8 18.Bd4 Be4 19.Bxe4 dxe4 20.Qf2 b6 21.Rad1 c5 22.Be5 Qc6
23.Qe2 f6 24.Bc3 Rxd1 25.Rxd1 e3 26.Qc4+ Qe6 27.Qxe6+ Nxe6 28.Be1 g5 29.fxg5 Nxg5
30.h4 Nf3+ 31.Kg2 Ne5 32.Bc3 Ng4 33.Kf3 h5 34.Rd5 e2 35.Be1 Ne3 36.Rd2 Nc4
37.Rxe2 Rxe2 38.Kxe2 Nxb2 39.Bc3 Nc4 40.Bxf6 Kf7 41.Bg5 Ke6 42.Bf4 Ne5 43.Bxe5 Kxe5
44.Kf3 Kf5 45.c4 a6 46.a4 a5 47.Ke3 Ke5  1/2-1/2

[Event "Ron Banwell"]
[Site "Coulsdon ENG"]
[Date "2002.08.26"]
[Round "10"]
[White "Hodgson,Jo"]
[Black "Friedland,J"]
[Result "1-0"]
[WhiteElo "2195"]
[BlackElo "2181"]

1.e4 d6 2.d4 Nf6 3.Nc3 Nbd7 4.f4 c6 5.e5 Nd5 6.Nxd5 cxd5 7.Bd3 g6 8.h4 h5
9.e6 Nf6 10.Bb5+ Bd7 11.exd7+ Nxd7 12.c3 Bg7 13.Qa4 a6 14.Bxd7+ Qxd7 15.Qxd7+ Kxd7
16.Nf3 f6 17.O-O Rac8 18.Bd2 Rhe8 19.b3 Rc7 20.a4 Rec8 21.a5 Ke8 22.Ra4 e5
23.fxe5 dxe5 24.dxe5 fxe5 25.Re1 e4 26.Nd4 Be5 27.Ne2 Kd7 28.Bf4 Ke6 29.Bxe5 Kxe5
30.Rb4 g5 31.hxg5 Rg8 32.Rd1 Rc5 33.Rxb7 Rxa5 34.Re7+ Kd6 35.Rxe4 Rxg5 36.c4 Ra2
37.Rxd5+ Rxd5 38.cxd5 Rb2 39.Nf4 Rxb3 40.Re6+ Kc5 41.Rxa6 h4 42.Rh6 Ra3 43.Kh2 Ra2
44.Kh3 Kd4 45.Kxh4 Ke5 46.Kg5 Ra1 47.Re6+ Kd4 48.g4 Ra8 49.Kf5 Rc8 50.g5 Rf8+
51.Rf6 Re8 52.Ne6+  1-0

[Event "22nd Open"]
[Site "Bratto ITA"]
[Date "2002.08.27"]
[Round "8"]
[White "Drabke,L"]
[Black "Brancaleoni,M"]
[Result "1/2-1/2"]
[WhiteElo "2362"]
[BlackElo "2249"]

1.e4 d6 2.d4 Nf6 3.Nc3 e5 4.Nf3 Nbd7 5.Bc4 Be7 6.O-O O-O 7.Re1 a6 8.a4 b6
9.b3 c6 10.Bb2 Bb7 11.Bd3 Re8 12.Ne2 Bf8 13.Ng3 g6 14.c3 Qc7 15.h3 Bg7 16.dxe5 Nxe5
17.Nxe5 dxe5 18.Ba3 Nd7 19.Nf1 Nf8 20.Ne3 Ne6 21.g3 h5 22.h4 a5 23.Qf3 Rad8
24.Rad1 Bc8 25.Bf1 Bf8 26.Bxf8 Rxf8 27.Qf6 Nc5 28.Bc4 Be6 29.Nf5 gxf5 30.Qg5+ Kh7
31.Qxh5+ Kg8 32.Qg5+ Kh7 33.Qh5+ Kg8 34.Qg5+ Kh7 35.exf5 Bxc4 36.Qh5+ Kg7
37.Qg5+ Kh7 38.Qh5+ Kg7 39.Qg5+ Kh7 40.f6 Ne6 41.Qh5+ Kg8 42.Qg5+ Kh7 43.Qh5+ Kg8
44.Qg5+  1/2-1/2

[Event "ch-Arab"]
[Site "Casablanca MAR"]
[Date "2002.08.27"]
[Round "2"]
[White "Adnani,M"]
[Black "Beloudah,S"]
[Result "1-0"]
[WhiteElo "2256"]
[BlackElo "2383"]

1.e4 Nf6 2.Nc3 d6 3.d4 c6 4.a4 Qc7 5.Bg5 Nbd7 6.Nf3 e5 7.Bc4 Be7 8.O-O Nb6
9.Be2 Bg4 10.a5 Nbd7 11.a6 O-O 12.axb7 Qxb7 13.Qd2 Rfe8 14.Be3 Bf8 15.d5 cxd5
16.exd5 Nb6 17.Ba6 Qc7 18.Bxb6 Qxb6 19.Bb5 Bd7 20.Bxd7 Nxd7 21.Na4 Qb7 22.Ra3 Rec8
23.Rd1 Be7 24.Qd3 g6 25.Nd2 f5 26.Nc4 Qb5 27.b3 Nf6 28.Raa1 e4 29.Qc3 Qb7
30.Qd4 Ng4 31.Rab1 Qd7 32.h3 Bf6 33.Qd2 Ne5 34.Nxe5 Bxe5 35.c4 Re8 36.Re1 Qg7
37.b4 Rac8 38.c5 Bd4 39.c6 g5 40.Rbd1 Be5 41.b5 g4 42.Qe3 Rb8 43.hxg4 fxg4
44.b6 axb6 45.Nxb6 g3 46.Rf1 Qg4 47.fxg3 Bxg3 48.c7 Qh4 49.Rf5 Bh2+ 50.Kf1 Rxb6
51.Rg5+ Kh8 52.Qd4+ Be5 53.Rxe5 Qf6+ 54.Rf5 Qxd4 55.Rxd4 e3 56.Re4 Rc8 57.Rf7 Kg8
58.Rd7 Rf8+ 59.Ke2 Rb3 60.Rd8 Rc3 61.Rg4+  1-0

[Event "XIV Open"]
[Site "Porto San Giorgio ITA"]
[Date "2002.08.27"]
[Round "8"]
[White "Palac,M"]
[Black "Mrdja,M"]
[Result "1-0"]
[WhiteElo "2564"]
[BlackElo "2370"]

1.e4 d6 2.d4 Nf6 3.Nc3 Nbd7 4.f4 e5 5.Nf3 exd4 6.Qxd4 c6 7.Be3 d5 8.e5 Ng4
9.Bg1 Bc5 10.Qd2 Bxg1 11.Rxg1 Qb6 12.O-O-O Qe3 13.h3 Qxd2+ 14.Rxd2 Ne3 15.Bd3 Nc5
16.Re1 Nxd3+ 17.cxd3 Nf5 18.g4 Ne7 19.f5 Bd7 20.f6 Ng6 21.fxg7 Rg8 22.Ne2 Rxg7
23.Ng3 Nf4 24.Rf1 O-O-O 25.Ng1 Ng6 26.Nh5 Rgg8 27.d4 Be6 28.Nf3 h6 29.Ne1 c5
30.Rc2 c4 31.Nd3 b6 32.Rf6 Rde8 33.Ndf4 Re7 34.Ng2 Kb7 35.Ne3 Rd7 36.Rcf2 Rh8
37.Ng7 Nf8 38.Nxe6 Nxe6 39.Rxf7 Rd8 40.Rxd7+ Rxd7 41.Rf6  1-0

[Event "Banc-Post A2"]
[Site "Miercurea Ciuc ROM"]
[Date "2002.08.28"]
[Round "4"]
[White "Jicman,L"]
[Black "Farkas,Lo"]
[Result "1-0"]
[WhiteElo "2257"]
[BlackElo "2088"]

1.e4 d6 2.d4 Nf6 3.Nc3 c6 4.Nf3 Qa5 5.Bd3 e5 6.h3 Be7 7.O-O Nbd7 8.Ne2 exd4
9.Nfxd4 Ne5 10.Ng3 g6 11.Bh6 Nxd3 12.cxd3 Bd7 13.Nb3 Qc7 14.Qf3 Rg8 15.Bg5 Nh5
16.Bxe7 Kxe7 17.Nxh5 gxh5 18.Qxh5 Rg7 19.f4 Rag8 20.Rf2 Qb6 21.d4 f6 22.e5 dxe5
23.fxe5 fxe5 24.Qxe5+ Kd8 25.Raf1 Re7 26.Qb8+ Bc8 27.Qd6+ Bd7 28.Rf8+ Rxf8
29.Rxf8+ Re8 30.Nc5  1-0

[Event "LAT-EST Match"]
[Site "Riga LAT"]
[Date "2002.08.31"]
[Round "?"]
[White "Leito,P"]
[Black "Jankovskis,G"]
[Result "0-1"]
[WhiteElo "2347"]
[BlackElo "2375"]

1.e4 d6 2.d4 Nf6 3.Nc3 Nbd7 4.g3 e5 5.Nge2 exd4 6.Nxd4 g6 7.Bg2 Bg7 8.O-O O-O
9.h3 Re8 10.Re1 c6 11.Nb3 Qc7 12.a4 b6 13.f4 Bb7 14.Be3 a6 15.Bf2 b5 16.axb5 axb5
17.Rxa8 Bxa8 18.Qd3 b4 19.Nb1 c5 20.N1d2 Nb6 21.Nc4 Nxc4 22.Qxc4 Nd7 23.c3 bxc3
24.bxc3 Nb6 25.Qf1 Bxc3 26.Rd1 Bg7 27.Qd3 Nc8 28.Nd2 Bc6 29.Nc4 Bf8 30.Rb1 Qa7
31.Kh2 Qa2 32.Rb2 Qa8 33.Re2 Qa6 34.Rc2 Nb6 35.Qb3 Nxc4 36.Rxc4 Qa8 37.Qc2 Rb8
38.Rc3 Bg7 39.Rb3 Rxb3 40.Qxb3 Bxe4 41.Bf1 Bd5 42.Qb6 Bf8 43.f5 Qa2  0-1

[Event "ch-Arab"]
[Site "Casablanca MAR"]
[Date "2002.09.01"]
[Round "6"]
[White "Adnani,M"]
[Black "Onkoud,A"]
[Result "1-0"]
[WhiteElo "2256"]
[BlackElo "2317"]

1.e4 d6 2.d4 Nf6 3.Nc3 c6 4.a4 Qa5 5.Bd3 e5 6.Ne2 Be7 7.Bd2 Qc7 8.O-O Nbd7
9.Bg5 O-O 10.dxe5 dxe5 11.Ng3 Nc5 12.Bc4 Bg4 13.Qe1 Rad8 14.Nf5 Bxf5 15.exf5 Rd4
16.b3 Rfd8 17.Be3 Ng4 18.h3 Nxe3 19.fxe3 Rd2 20.Bd3 Nxb3 21.Rb1 R2xd3 22.cxd3 Nc5
23.Ne4 Rxd3 24.Nf2 Rd5 25.Qb4 b6 26.Rfd1 Nd3 27.Qe4 Nxf2 28.Kxf2 Qd6 29.Rxd5 cxd5
30.Qc2 d4 31.Rd1 h5 32.exd4 exd4 33.Qe4 Qf6 34.Qa8+ Kh7 35.Qf3 Qg5 36.g4 h4
37.Kg2 Bf6 38.Qe4 a6 39.Kf3 b5 40.axb5 axb5 41.Qf4 Qxf4+ 42.Kxf4 g5+ 43.fxg6+ Kxg6
44.Rb1 d3 45.Ke3 Bc3 46.Rxb5 d2 47.Ke2 f6 48.Rc5 Bb4 49.Rh5 Bc3 50.Kd1 Bb4
51.Rxh4 Ba5 52.Rh5 Bc3 53.Rc5 Bb4 54.Rb5 Bc3 55.Kc2 Kh6 56.Rd5 Bb4 57.Kb3 Ba5
58.Kc2 Bb4 59.Kd1 Kg6 60.Ke2 Bc3 61.Kf3 Kf7 62.h4 Ke6 63.Ke4 Ba5 64.h5 f5+
65.gxf5+ Kf6 66.h6 Bc3 67.Rd7 Kg5 68.h7 Kh6 69.Rxd2 Kxh7 70.Rd6 Kg7 71.Kf4 Bb2
72.Rc6 Bd4 73.Rc4 Bb2 74.Rc7+ Kh6 75.Rc2 Bf6 76.Rg2 Kh7 77.Ke4  1-0

[Event "ch-Arab"]
[Site "Casablanca MAR"]
[Date "2002.09.01"]
[Round "6"]
[White "Eid,Fa"]
[Black "Beloudah,S"]
[Result "1-0"]
[WhiteElo "2384"]
[BlackElo "2383"]

1.e4 d6 2.d4 Nf6 3.Nc3 c6 4.Nf3 Bg4 5.Be3 Qa5 6.Qd2 e5 7.Bd3 Na6 8.h3 Bh5
9.O-O-O Be7 10.Kb1 O-O-O 11.Nd5 Qxd2 12.Nxe7+ Kd7 13.Rxd2 Bxf3 14.gxf3 exd4
15.Bxd4 Kxe7 16.Rg1 Nc5 17.e5 Nfd7 18.exd6+ Kxd6 19.Bxg7 Rhe8 20.Bxh7+ Kc7
21.Rgd1 f6 22.Bf5 Rg8 23.b4 Rxg7 24.bxc5 b6 25.cxb6+ axb6 26.h4  1-0